Practical Problems In Cost Accounting (Record no. 21173)
[ view plain ]
| 000 -LEADER | |
|---|---|
| fixed length control field | 00456nam a2200181Ia 4500 |
| 008 - FIXED-LENGTH DATA ELEMENTS--GENERAL INFORMATION | |
| fixed length control field | 220531s9999 xx 000 0 und d |
| 041 ## - LANGUAGE CODE | |
| Language code of text/sound track or separate title | eng |
| 082 ## - DEWEY DECIMAL CLASSIFICATION NUMBER | |
| Classification number | 657.42 |
| Item number | JAI / NAR |
| 100 ## - MAIN ENTRY--PERSONAL NAME | |
| Personal name | Jain, S. P. / Narang, K. L. |
| 9 (RLIN) | 34327 |
| 245 ## - TITLE STATEMENT | |
| Title | Practical Problems In Cost Accounting |
| 250 ## - EDITION STATEMENT | |
| Edition statement | 8th |
| 260 ## - PUBLICATION, DISTRIBUTION, ETC. (IMPRINT) | |
| Place of publication, distribution, etc. | Noida |
| Name of publisher, distributor, etc. | Kalyani |
| Date of publication, distribution, etc. | 1995 |
| 300 ## - PHYSICAL DESCRIPTION | |
| Extent | 499 |
| 542 ## - INFORMATION RELATING TO COPYRIGHT STATUS | |
| Copyright holder | 24-02-1996 |
| 650 ## - SUBJECT ADDED ENTRY--TOPICAL TERM | |
| Topical term or geographic name as entry element | costing |
| 9 (RLIN) | 34328 |
| 906 ## - LOCAL DATA ELEMENT F, LDF (RLIN) | |
| d | 1996-1997 |
| Withdrawn status | Lost status | Source of classification or shelving scheme | Damaged status | Not for loan | Collection code | Home library | Current library | Date acquired | Vendor | Cost, normal purchase price | Total Checkouts | Total Holds | Full call number | Barcode | Date last seen | Bill Date | Koha item type | Original Barcode |
|---|---|---|---|---|---|---|---|---|---|---|---|---|---|---|---|---|---|---|
| Dewey Decimal Classification | Shri Siddhivinayak Mahila Mahavidyalaya | Shri Siddhivinayak Mahila Mahavidyalaya | 22/09/1996 | Varma | 175.00 | 1 | 657.42/JAI / NAR/B/2154 | SSMM-BK-2154 | 06/08/2022 | 06/08/2022 | Books | 010002154 |